イントロクイズ #5 - Statistics

General Stats
  • This quiz has been taken 754 times
  • The average score is 5 of 30
Answer Stats
Intro Answer % Correct
正しさとは 愚かさとは それが何か見せつけてやる うっせぇわ
91%
わたし○○○ いいの? 吸っちゃっていいの? ヴァンパイア
61%
鮮やかに恋して○○○ なんだか○○○ bloom×3 花びらも舞う にんじゃりばんばん
45%
少しだけ不思議な普段のお話 指先と机の間 二次元 ドラえもん
40%
名も無い時代の集落の 名も無い幼い少年の 誰も知らないおとぎ話 六兆年と一夜物語
33%
本能が狂い始める 追い詰められたハツカネズミ 少女レイ
26%
月火水木金働いた まだ分からないことだらけだから 明日も
25%
ストレイト ドキドキする 視線はまるで○○○ レーザービーム
25%
So, ○○○ 陽はまた昇ってゆく Rising Sun
23%
YouはShock 愛で空が落ちてくる 愛をとりもどせ!!
21%
いったいこのままいつまで 1人でいるつもりだろう 裸の心
20%
いつもどおりのある日の事 君は突然立ち上がり言った 君の知らない物語
19%
色とりどりのマスクかぶって 偽りのキャラを演じきって Troublemaker
14%
○○○ 何でも出来そうな ああ力が湧くのは ああそれは×2 恋の魔法ね あなたに恋をしてみました
12%
ドアの閉まる音 カレンダーの印 部屋から聞こえる君の泣き声 サザンカ
11%
鉛の空重く垂れ込み 真白に淀んだ太陽が砕けて 曇天
9%
○○○ ○○○ 踏み出せたのなら そう小さな優しさを分け合えたのなら もう少しだけ
7%
いつか観ていた映画の中みたい 工事中の駅前 第六感
7%
ココロぽつり 張り詰めプツリ 四六時背伸び 徒に病み アルカリレットウセイ
5%
思い出したって出したってきっと 僕の事なんてどこにもいないよ あの娘シークレット
5%
悲しげに咲く花に 君の面影を見た 月光花
5%
形のない気持ち忘れないように 決まりきったレイアウトを消した Tell Your World
5%
もし5分前に戻れるなら何をしますか? 私はさっきの返事もう1度したい 好きな人がいること
4%
好きです好きです 心から 愛していますよと 巡恋歌
3%
それな!退屈なEveryday だけど突然君の声 Candy Pop
3%
認めてた臆病な過去 分からないままに crossing field
3%
指切りしよう ○○○でいようよ さあ皆でワイワイつながって踊ろう ずっとずっとトモダチ
2%
友達じゃもういられない I need you 心に嘘はつけない One More Time
2%
○○○ 横を向いたら 涙に気付かれるから 前しか向かねえ
1%
I'm looking for you Trying to reach your roses Carried away by the time Silent Jealousy
1%
No matching quizzes found
Score Distribution
Percent of People with Each Score
Percentile by Number Answered
Your Score History
You have not taken this quiz